<?xml version="1.0" encoding="UTF-8"?>
<record
    xmlns:xsi="http://www.w3.org/2001/XMLSchema-instance"
    xsi:schemaLocation="http://www.loc.gov/MARC21/slim http://www.loc.gov/standards/marcxml/schema/MARC21slim.xsd"
    xmlns="http://www.loc.gov/MARC21/slim">

  <leader>00610    a2200169   4500</leader>
  <datafield tag="952" ind1=" " ind2=" ">
    <subfield code="0">0</subfield>
    <subfield code="1">0</subfield>
    <subfield code="4">0</subfield>
    <subfield code="7">0</subfield>
    <subfield code="8">NFIC</subfield>
    <subfield code="a">CCL</subfield>
    <subfield code="b">CCL</subfield>
    <subfield code="c">FIC</subfield>
    <subfield code="d">2022-04-13</subfield>
    <subfield code="e">Donation: BAI</subfield>
    <subfield code="i">032145</subfield>
    <subfield code="l">0</subfield>
    <subfield code="o">PR801.95 BER 2020</subfield>
    <subfield code="p">032145</subfield>
    <subfield code="r">2022-04-13 00:00:00</subfield>
    <subfield code="t">C.1</subfield>
    <subfield code="w">2022-04-13</subfield>
    <subfield code="y">BK</subfield>
  </datafield>
  <datafield tag="999" ind1=" " ind2=" ">
    <subfield code="c">10511</subfield>
    <subfield code="d">10511</subfield>
  </datafield>
  <datafield tag="020" ind1=" " ind2=" ">
    <subfield code="a">9781782408444</subfield>
  </datafield>
  <datafield tag="050" ind1=" " ind2=" ">
    <subfield code="a">PR801.95 BER 2020</subfield>
  </datafield>
  <datafield tag="100" ind1=" " ind2=" ">
    <subfield code="a">Berthoud, Ella</subfield>
    <subfield code="e">editor</subfield>
  </datafield>
  <datafield tag="245" ind1=" " ind2=" ">
    <subfield code="a">30-SECOND LITERATURE :</subfield>
    <subfield code="b"> the 50 most important styles, forms and genres of literature, each explained in half a minute /</subfield>
    <subfield code="c">ELLA BERTHOUD</subfield>
  </datafield>
  <datafield tag="264" ind1=" " ind2=" ">
    <subfield code="a">London : </subfield>
    <subfield code="b">THE IVY Press,</subfield>
    <subfield code="c"> 2020.</subfield>
  </datafield>
  <datafield tag="300" ind1=" " ind2=" ">
    <subfield code="a">160 pages., illustrations (colored)</subfield>
  </datafield>
  <datafield tag="500" ind1=" " ind2=" ">
    <subfield code="a">Include index</subfield>
  </datafield>
  <datafield tag="650" ind1=" " ind2=" ">
    <subfield code="a">Literature</subfield>
    <subfield code="x">genres</subfield>
  </datafield>
  <datafield tag="700" ind1=" " ind2=" ">
    <subfield code="a">Firsby, Naomi</subfield>
    <subfield code="e">contributor</subfield>
  </datafield>
  <datafield tag="700" ind1=" " ind2=" ">
    <subfield code="a">Ackland-Snow, Nicky</subfield>
    <subfield code="e">illustrator</subfield>
  </datafield>
  <datafield tag="942" ind1=" " ind2=" ">
    <subfield code="2">lcc</subfield>
    <subfield code="c">BK</subfield>
    <subfield code="h">801.95</subfield>
    <subfield code="i">BER</subfield>
    <subfield code="k">PR</subfield>
  </datafield>
</record>
